Visualizzazione normale
Vista MARC
- RELIGIOSO
di Topical Term
Records bibliografici associati: 1
001 - CONTROL NUMBER
- control field: 54698
003 - CONTROL NUMBER IDENTIFIER
- control field: IT-RoPau
005 - DATE AND TIME OF LATEST TRANSACTION
- control field: 20151203215041.0
008 - FIXED-LENGTH DATA ELEMENTS
- fixed length control field: 151203|| aca||aabn | a|a d
040 ## - CATALOGING SOURCE
- Original cataloging agency: IT-RoPau
- Transcribing agency: IT-RoPau
150 ## - HEADING--TOPICAL TERM
- Topical term or geographic name entry element: RELIGIOSO
- : TV-PROGRAMMI RELIGIOSI [VHS]
- General subdivision: Codice MATERIA SPICS: 9963
670 ## - SOURCE DATA FOUND
- Source citation: Work cat.: (IT-RoPau)108150: Gentileschi Norma Codice regista SPICS: 10973 54696, SANTA MESSA CELEBRATA DA SUA SANTITA' GIOVANNI PAOLO II PER LA CHIUSURA DEL SINODO DEI VESCOVI SANTA MESSA CELEBRATA DA SUA SANTITA' GIOVANNI PAOLO II PER LA CHIUSURA DEL SINODO DEI VESCOVI (Rif. Codice opera principale : 90651)